000 00448nam a2200157 i 4500
001 29716
003 ES-MaACL
005 20230906154058.0
007 t|
008 030122s1960 sp ||||1| spa d
100 1 _aBallesteros Sierra, Carlos.
_925066
245 1 0 _aPropiedad industrial
_b: legislación y jurisprudencia.
260 _aMadrid :
_b[s.n.,
_c1960] (
_fImp. Sèz)
300 _a638 p. ;
_c26 cm.
852 _aES-MaACL
_jC-18386
_bR.46766
999 _c29716
_d29716